Manual Handling for Nurses (Record no. 156565)

MARC details
000 -LEADER
fixed length control field 00378nam a2200145Ia 4500
008 - FIXED-LENGTH DATA ELEMENTS--GENERAL INFORMATION
fixed length control field 230411s9999 xx 000 0 und d
020 ## - INTERNATIONAL STANDARD BOOK NUMBER
International Standard Book Number 978-81-8448-815-9
041 ## - LANGUAGE CODE
Language code of text/sound track or separate title eng
082 ## - DEWEY DECIMAL CLASSIFICATION NUMBER
Classification number F/610.73069/RAJ/B06130
100 ## - MAIN ENTRY--PERSONAL NAME
Personal name Rajinikanth AM
245 ## - TITLE STATEMENT
Title Manual Handling for Nurses
260 ## - PUBLICATION, DISTRIBUTION, ETC. (IMPRINT)
Name of publisher, distributor, etc. Jaypee Brothers
Place of publication, distribution, etc. St Louis
Date of publication, distribution, etc. 2010
300 ## - PHYSICAL DESCRIPTION
Extent 98p
Holdings
Withdrawn status Lost status Damaged status Not for loan Collection code Home library Current library Date acquired Vendor Cost, normal purchase price Bill number Total Checkouts Full call number Barcode Date last seen Cost, replacement price Bill Date Koha item type Original Barcode
          Smt. Bakul Tambat Institute of Nursing Education Smt. Bakul Tambat Institute of Nursing Education 11/02/2010 Jaypee Brothers Medical Publishers 95.00 5499   F 610.73069 RAJ B06130 BTIN-BK-6130 11/04/2023 69.00 11/02/2010 Books B06130